All WCW United States Champions - Statistics

General Stats
  • This quiz has been taken 339 times
  • The average score is 65 of 96
Answer Stats
Hint Answer % Correct
2001 1 Booker T
98%
1977 1 Ric Flair
96%
1978 2 Ric Flair
96%
1979 3 Ric Flair
96%
1980 4 Ric Flair
96%
1996 5 Ric Flair
96%
1999 1 Scott Hall
93%
1999 2 Scott Hall
93%
1999 1 Scott Steiner
93%
2000 2 Scott Steiner
93%
1999 1 Chris Benoit
91%
1999 2 Chris Benoit
91%
1999 1 David Flair
91%
1991 1 Sting
91%
1995 2 Sting
91%
1998 1 Goldberg
90%
1999 2 Goldberg
90%
2001 1 Rick Steiner
90%
1987 1 Lex Luger
89%
1989 2 Lex Luger
89%
1989 3 Lex Luger
89%
1990 4 Lex Luger
89%
1998 5 Lex Luger
89%
1997 1 Diamond Dallas Page
87%
1998 2 Diamond Dallas Page
87%
1987 1 Dusty Rhodes
87%
1996 1 Eddie Guerrero
85%
1993 1 Steve Austin
84%
1994 2 Steve Austin
84%
1993 1 Dustin Rhodes
83%
1993 2 Dustin Rhodes
83%
1998 1 Bret Hart
82%
1998 2 Bret Hart
82%
1998 3 Bret Hart
82%
1999 4 Bret Hart
82%
1977 1 Ricky Steamboat
81%
1978 2 Ricky Steamboat
81%
1984 3 Ricky Steamboat
81%
1994 4 Ricky Steamboat
81%
1997 1 Jeff Jarrett
79%
1999 2 Jeff Jarrett
79%
2000 3 Jeff Jarrett
79%
1985 1 Magnum T.A.
78%
1985 2 Magnum T.A.
78%
1998 1 Raven
78%
1997 1 Dean Malenko
77%
1981 1 Roddy Piper
76%
1983 2 Roddy Piper
76%
1999 3 Roddy Piper
76%
1994 1 Vader
74%
1985 1 Tully Blanchard
73%
1999 1 Sid Vicious
71%
1975 1 Harley Race
69%
1988 1 Barry Windham
68%
1991 1 Rick Rude
65%
1982 1 Greg Valentine
62%
1983 2 Greg Valentine
62%
1997 1 Curt Hennig
61%
1994 1 Jim Duggan
60%
1975 1 Johnny Valentine
60%
1997 1 Steve McMichael
59%
2001 1 Chris Kanyon
58%
2001 1 Kurt Angle
58%
1986 1 Nikita Koloff
58%
1996 1 Konnan
57%
1975 1 Terry Funk
56%
2000 2 Terry Funk
56%
2000 1 Lance Storm
55%
2000 2 Lance Storm
55%
2000 3 Lance Storm
55%
2001 1 Edge
53%
2001 1 Shane Douglas
53%
1981 1 Wahoo McDaniel
46%
1982 2 Wahoo McDaniel
46%
1982 3 Wahoo McDaniel
46%
1984 4 Wahoo McDaniel
46%
1984 5 Wahoo McDaniel
46%
1989 1 Michael Hayes
43%
2001 1 Rhyno
43%
1975 1 Paul Jones
42%
1976 2 Paul Jones
42%
1981 1 Sgt. Slaughter
41%
1982 2 Sgt. Slaughter
41%
1990 1 Stan Hansen
38%
1976 1 Blackjack Mulligan
35%
1976 2 Blackjack Mulligan
35%
1978 3 Blackjack Mulligan
35%
1979 1 Jimmy Snuka
35%
2001 1 Tajiri
34%
2000 1 Gen. Rection
33%
2000 2 Gen. Rection
33%
1978 1 Mr. Wrestling
33%
1995 1 One Man Gang
33%
1977 1 Bobo Brazil
31%
1983 1 Dick Slater
29%
1995 1 Kensuke Sasaki
25%
No matching quizzes found
Score Distribution
Percent of People with Each Score
Percentile by Number Answered
Your Score History
You have not taken this quiz